Los Prisioneros - canciones (difícil) - Estadísticas

Estadísticas generales
  • Esta prueba ha sido intentada 155 veces
  • La puntuación promedio es 74 de 92
Estadísticas de respuestas
La Voz De Los '80 % Correcto
El Baile De Los Que Sobran
99%
La Voz De Los '80
99%
Sexo
99%
Tren Al Sur
98%
De La Cultura De La Basura
96%
Muevan Las Industrias
96%
¿Quién Mató A Marilyn?
96%
Con Suavidad
95%
Corazones Rojos
95%
Estrechez De Corazón
95%
Eve-Evelyn
95%
Noche En La Ciudad
95%
Nunca Quedas Mal Con Nadie
95%
Amiga Mía
94%
Brigada De Negro
94%
Latinoamérica Es Un Pueblo Al Sur De Estados Unidos
94%
Lo Estamos Pasando Muy Bien
94%
Lo Estamos Pasando Muy Mal
94%
Mentalidad Televisiva
94%
No Necesitamos Banderas
94%
Paramar
94%
¿Por Qué No Se Van?
94%
Quieren Dinero
94%
Es Demasiado Triste
93%
Maldito Sudaca
93%
Pa Pa Pa
93%
Cuéntame Una Historia Original
92%
Por Amarte
92%
Por Qué Los Ricos
92%
Manzana
91%
We Are Sudamerican Rockers
89%
Exijo Ser Un Héroe
88%
Que No Destrocen Tu Vida
88%
Usted Y Su Ambición
88%
Independencia Cultural
86%
Por Favor
86%
Una Mujer Que No Llame La Atención
86%
Estar Solo
85%
Somos Sólo Ruido
85%
El Vals
84%
Las Sierras Eléctricas
84%
Jugar A La Guerra
82%
Otro Día
82%
Algo Tan Moderno
80%
Él Es Mi Ídolo
80%
Cuando Te Vayas
79%
Generación De Mierda
79%
San Miguel
79%
Eres Mi Hogar
78%
Poder Elegir
78%
Mal De Parkinson
76%
Te Amo
76%
Zombie
76%
Concepción
75%
El Muro
75%
Mr. Right
75%
Argentina
74%
El Verdadero Sexo
74%
Elvis Fue Un Vampiro
73%
Europa
72%
Aceite Humano
71%
El Extremista
71%
Que Llueva, Que Llueva
71%
Ultraderecha
71%
Ustedes Dos
71%
En La Cripta
69%
Come, Come, Come
68%
La Noche
68%
Mami
68%
Policías Y Ladrones
68%
Canción Del Trabajo
67%
El Otro Extranjero
67%
Fotos Y Autógrafos
67%
Los Templos
67%
Mi Profesor Se Está Volviendo Loco
67%
Acomodado En El Rock And Roll
66%
¿Por Qué No Me Dejas?
66%
Voy A Trabajar
66%
Azota
65%
El Cobarde
65%
Ella Espera
65%
En El Cementerio
65%
En La Disco
65%
Violencia
65%
La Gran Oportunidad
64%
Los Cuatro Luchos
64%
Una De Esas Tardes
64%
Invitado De Honor
62%
King Kong, El Mono
62%
Limpieza Racial
62%
Insatisfacción
61%
Rock On The Rocks
61%
No se encontraron pruebas coincidentes
Distribución de puntuación
Porcentaje de gente con cada puntuación
Porcentaje por número respondido
Historial de tus puntuaciones
No has intentado esta prueba.